| 000 | 00451nam a2200145Ia 4500 | ||
|---|---|---|---|
| 003 | OSt | ||
| 005 | 20260128093715.0 | ||
| 008 | 211028s2017 xx 000 0 und d | ||
| 040 | _cAIMIT LIBRARY | ||
| 041 | _aeng | ||
| 100 |
_aFernandes, Rolson; D Souza, Rayan. _g1516128 _97703 |
||
| 245 | _aReport on customer satisfaction regarding services provides by Shree Vani motors Honavar / | ||
| 260 |
_aMangalore _bRayan D Souza. _c2017 |
||
| 942 |
_2ddc _cPRO |
||
| 999 |
_c219271 _d219271 |
||